| 000 | 005010000a22001690004500 | ||
|---|---|---|---|
| 090 |
_aAR _b01816 |
||
| 245 | 1 | 0 | _aAlometria en el craneo del mono Aullador rojo (<Alouatta seniculus>) |
| 650 | 1 | 4 |
_aMorfometría animal _995249 |
| 650 | 1 | 4 |
_aPrimates _992938 |
| 650 | 1 | 4 |
_aDimorfismo sexual _995273 |
| 651 | 4 |
_dApure _pVenezuela _992749 |
|
| 653 |
_gAlouatta _eAlouatta seniculus |
||
| 041 | 0 | _aEspañol | |
| 100 | 1 |
_aBraza, Francisco _994397 |
|
| 942 | _cARTICULO | ||
| 773 | 1 |
_tPreprint _33 _q719-726 _d1980? |
|
| 999 |
_c10893 _d10893 |
||